000 00359nam a2200133Ia 4500
008 100328s9999 xx 000 0 und d
082 _b37618
100 _aजोधळे महावीर
245 _aआत्मस्वर
260 _bअनुपम
630 _aआत्मस्वर
730 _aआत्मस्वर
942 _cBOOK
999 _c527009
_d527006